Interaktion und Kommunikation Grundlagen sozialen Handelns

Enregistré dans:
Détails bibliographiques
Auteur principal: Mikl-Horke, Gertraude
Format: Livre
Langue:allemand
Publié: Wien Service 1981
Édition:1. Aufl.
Collection:Studien zur Soziologie aus Forschung, Praxis, Lehre 29
Sujets:
Tags: Ajouter un tag
Pas de tags, Soyez le premier à ajouter un tag!

MARC

LEADER 00000nam a2200000 4500
001 c019124
005 20221207073720.6
041 0 |a ger 
044 |a AT 
245 1 0 |a Interaktion und Kommunikation  |b Grundlagen sozialen Handelns  |c Gertraude Mikl-Horke 
250 |a 1. Aufl. 
264 1 |a Wien  |b Service  |c 1981 
300 |a 120 s. 
490 1 |a Studien zur Soziologie aus Forschung, Praxis, Lehre  |v 29 
830 0 |a Studien zur Soziologie aus Forschung, Praxis, Lehre  |v 29 
610 2 0 |a interakcia sociálna 
610 2 0 |a komunikácia 
610 2 0 |a komunikácia sociálna 
610 2 0 |a sociológia 
610 2 0 |a teória informácií 
610 2 0 |a výskum 
610 2 0 |a procesy sociálne 
610 2 0 |a spoločnosť 
610 2 0 |a vzťahy spoločenské 
610 2 0 |a vzťahy medziľudské 
100 1 |a Mikl-Horke, Gertraude